Ojos y oídos /

Guardado en:
Autor Principal: Barnard, Christiaan
Formato: Deslizar
Series:El Cuerpo Viviente
Materias:
Etiquetas: Agregar Etiqueta
Sin Etiquetas, Sea el primero en etiquetar este registro!
LEADER 00974ngm a22002895g 4500
001 CEM.cems021459
008 130507b1992##################0###0#####d
005 20240826132843.0
245 1 0 |a Ojos y oídos /  |c Christiaan Barnard. 
300 |a 08 
490 0 |a El Cuerpo Viviente 
500 |a En soporte VHS, consultar en ventanilla. 
538 |a Soporte: VHS - Norma: Pal N - Color - Intercambio Drd 1992 - Hitachi=5786. 
505 0 |a Los ojos y oídos: medio de conectarse con el mundo. Vibraciones. Funcionamiento del oído. La vista. Respuesta a los estímulos. Función del sistema nervioso 
100 1 |a Barnard, Christiaan 
082 6 1 |/ BAR-1 
653 |a ANATOMIA 
653 |a FISIOLOGIA 
653 |a VISTA 
653 |a OIDO 
653 |a SENTIDOS 
653 |a OJOS 
653 |a BIOLOGIA 
653 |a ESTIMULOS 
653 |a SISTEMA NERVIOSO 
653 |a NIVEL SECUNDARIO 
859 |a CEMS  |b BIB. CEMS - Depto. Recursos Didacticos  |h 611  |i BAR-1  |k DRD  |p 102.12  |t Ej.1